书目信息 |
| 题名: |
中国动物志
|
|
| 作者: | 陈心陶 编著 ;中科院中国动物志编辑委员会 主编 | |
| 分册: | 一 扁形动物门,吸虫纲,复殖目 | |
| 出版信息: | 北京 科学出版社 1985.12 |
|
| 页数: | 697页 | |
| 开本: | 26cm | |
| 丛书名: | ||
| 单 册: | ||
| 中图分类: | Q958.2 | |
| 科图分类: | ||
| 主题词: | 动物生态学 , 动物地理学 | |
| 电子资源: | ||
| ISBN: | ||
| 000 | 00946nam0 2200253 45 | |
| 001 | 0009180835 | |
| 005 | 20061123143811.84 | |
| 010 | @b精装@dCNY18.90 | |
| 091 | @a13031.2925 | |
| 100 | @a20000918d1985 km y0chiy0120 ea | |
| 101 | 0 | @achi |
| 102 | @aCN@b110000 | |
| 102 | @aCN@b110000 | |
| 200 | 1 | @a中国动物志@AZhong Guo Dong Wu Zhi@i扁形动物门,吸虫纲,复殖目@h一@f陈心陶等编著@Fchen xin tao deng bian zhu@g中科院中国动物志编辑委员会主编@Gzhong ke yuan zhong guo dong wu zhi bian ji wei yuan hui zhu bian |
| 210 | @a北京@c科学出版社@d1985.12 | |
| 215 | @a697页@c插图@d26cm | |
| 517 | @a扁形动物门,吸虫纲,复殖目@Abian xing dong wu men,xi chong gang,fu zhi mu | |
| 606 | 0 | @a动物生态学 |
| 606 | 0 | @a动物地理学 |
| 690 | @aQ958.2@v1 | |
| 701 | 0 | @a陈心陶@Achen xin tao@4编著 |
| 712 | 0 | @a中科院中国动物志编辑委员会@Azhong ke yuan zhong guo dong wu zhi bian ji wei yuan hui@4主编 |
| 801 | @aCN@bTSTC@c20061123 | |
| 905 | @dQ958.2@e11:1(1) | |
| 中国动物志.扁形动物门,吸虫纲,复殖目.一/陈心陶等编著/中科院中国动物志编辑委员会主编.-北京:科学出版社,1985.12 |
| 697页:插图;26cm |
| ISBN (精装):CNY18.90 |
| ● |
| 相关链接 |
|
|
|
|
正题名:中国动物志
索取号:Q958.2/11:1(1)
 
预约/预借
| 序号 | 登录号 | 条形码 | 馆藏地/架位号 | 状态 | 备注 |
| 1 | 0151600 | 202449840 | 第二样本阅览室/ [索取号:Q958.2/11:1(1)] | 在馆 |